000 00586nam a2200205Ia 4500
005 20250923145052.0
008 008 250917s9999 xx 000 0 eng d
037 _aTextual
040 _aDSWL
_beng
_cDSWL
041 _aeng
_2eng
084 _aYoaSZ.73'N5, N60
_qDSWL
100 _aBaritz, Loren
_9831474
245 4 _aThe servants of power
_cby Loren Baritz
260 _aNew York
_b John Wiley & sons, Inc
_c1965
300 _axiii,754p.
365 _aUSD
_b1.85
925 _g1.85
942 _cTEXL
_hYoaSZ.73'N5, N60
999 _c1446719
_d1446719